| 000 | 00904cam a2200277 a 4500 | ||
|---|---|---|---|
| 001 | 000019753 | ||
| 005 | 20200929170127.0 | ||
| 008 | 771215s1957 sp 001 m spa d | ||
| 040 |
_aDO-SdBNP _bspa _cDLC _dBNPHU |
||
| 082 |
_a868.3 _bG731a, 1957 |
||
| 100 | 1 |
_aGracián y Morales, Baltasar, _d1601-1658 _93393 |
|
| 245 | 1 | 0 |
_aAgudeza y arte de ingenio / _cBaltasar Gracián y Morales. |
| 250 | _a4a ed. | ||
| 260 |
_aMadrid : _bEspasa-Calpe, _c1957. |
||
| 300 |
_a374, [14] p. ; _c18 cm. |
||
| 490 | 1 |
_aAustral. Gris: clásicos _v258 |
|
| 500 | _aIncluye índice de autores. | ||
| 650 | 4 |
_aLiteratura española _xColecciones de escritos _98735 |
|
| 650 | 4 |
_aMáximas españolas _942213 |
|
| 650 | 4 |
_aFilosofía en la literatura _926967 |
|
| 650 | 4 |
_aRetórica _96217 |
|
| 830 | 0 |
_aAustral. Gris: clásicos ; _v258 _98199 |
|
| 910 | _aCatalogación derivada / LC | ||
| 910 | _aWM | ||
| 049 | _aBNGR | ||
| 999 |
_c19267 _d19267 |
||